La Corée du Sud en images - Statistiques

Statistiques générales
  • Ce quiz a été pris 1 425 fois
    1 414 depuis la dernière actualisation
  • Le résultat moyen est 12 sur 18
Statistiques - réponses
Par images Hint Réponse % Correct
Ville Séoul
99%
Entreprise Samsung
98%
Chanson Gangnam Style
93%
Groupe BTS
92%
Série Squid Game
92%
Entreprise LG
89%
Entreprise Hyundai
81%
Monnaie Won sud-coréen
74%
Sport Taekwondo
73%
Spécialité Kimchi
70%
Film Parasite
69%
Ville Busan
64%
Conflit Guerre de Corée
60%
Ile Jeju
53%
Alphabet Hangeul
50%
Lieu Zone coréenne démilitarisée
35%
Ville Pyeongchang
23%
Diplomate Ban-ki Moon
14%
Aucun quiz correspondant
Distribution des résultats
% des personnes avec chaque résultat
Percentile par nombre de réponses
Votre historique - résultats
Vous n’avez pas pris ce quiz depuis la dernière actualisation